Náuka o materiáli

Salvato in:
Dettagli Bibliografici
Autore principale: Rozsypal, Alexandr (Autore)
Natura: Libro
Lingua:slovacco
Pubblicazione: Bratislava : SVTL, 1965
Tags: Aggiungi Tag
Nessun Tag, puoi essere il primo ad aggiungerne!!

MARC

LEADER 00000nam a22000003a 4500
001 stu204858
005 20150617230055.6
008 100603s1965------------------------slo-d
040 |a STU  |b slo 
041 0 |a slo 
100 1 |a Rozsypal, Alexandr  |4 aut 
245 1 |a Náuka o materiáli 
260 |a Bratislava :  |b SVTL,  |c 1965 
996 |b E20332  |c E*20332  |l EE11  |s P  |a 0  |w stu204858_0001